000 01584nam a22003617i 4500
003 DO-SdBNP
005 20250909133450.0
007 ta
008 091102s1923 dr ao 000 0 spa d
020 _a9789945250336
040 _aDO-SdBNP
_bspa
_cBNPHU
_erda
041 _aspa
082 0 4 _bM516p 2023
_222
100 1 _aFreites Roque, Arturo,
_d 1879-1914
_eautor
_4aut.
_928219
245 1 0 _aLa pasión de Juan Pablo Duarte /
_cAntonio Mejía Mejía (Pol Mejía) ; edición y corrección, Kary Alba Rocha ; diagramación, Carolina Victoria Martínez Paniagua ; retoque fotográfico, Harold Frías Maggiolo.
250 _aPrimera edición
264 4 _aSanto Domingo, República Dominicana :
_bArchivo General de la Nación,
_c©2023.
300 _a222 páginas :
_bilustraciones, fotografías ;
_c21 cm.
336 _atexto
_btxt
_2rdacontent
337 _asin mediación
_bn
_2rdamedia
338 _avolumen
_bnc
_2rdacarrier
490 0 _aPublicaciones del Archivo General de la Nación ;
_aJuvenil ;
_v 29
500 _aIncluye datos biográficos del autor en las solapas
504 _aBibliografías: p. 217-218
590 _aInventariado, 2024 /LP
600 1 0 _aDuarte, Juan Pablo,
_d1813-1876
_xCrítica e interpretación
_91494
700 1 _aRocha, Kary Alba,
_eedición y corrección
_4ed.
_977797
700 1 _aMartínez Paniagua, Carolina Victoria,
_ediagramación y portada
_985567
700 1 _aFrías Maggiolo, Harold,
_efotógrafo
_978325
_4fot.
700 1 _aCruz Sánchez, Filiberto,
_epresentador
_4pr.
_913112
910 _alopérez
942 _2ddc
_cLBS1
999 _c56762
_d56762